000 00262nam a22001217a 4500
082 _a620.112 TIM
100 _aTIMOSHENKO.S
_935958
245 _aELEMENTS OF STRENGTH OF MATERIALS
250 _a4TH
260 _aPDF
_bPDF
_c1962
300 _a380P
942 _cBK
999 _c579379
_d579379